000
00338 a2200133 4500
000
nam a22 7a 4500
100
_a
William A. Joseph
110
_a
William A. Joseph
245
_a
Politics in China
250
_a
latest edition
260
_b
oxford university press
_c
2024
264
_b
oxford university press
_c
2024
942
_c
BK
999
_c
395321
_d
395321